Ghymes: Človek nesmie urobiť dobrú hudbu so skladateľom, spevákom a multiinštrumentalistom Tamásom Szarkom, ...

Bibliographic Details
Main Authors: Derňár, Peter, 1975- (ain), Szarka, Tamás, 1964- (Author, uin)
Format: Article
Language:Slovak
PhysicalDescription:Fotogr.
Subjects:

MARC

LEADER 00000nab a2200000 a 4500
001 vtls000745990
003 SK-MaSNL
005 20260302192926.0
008 180205c2001 xo 0 slo
015 |a SNBRB2001/02-04787 
035 |a CLN000097822 
040 |a SNKBUCL  |b slo  |c SNKBUCL  |e AACR2 
041 0 |a slo 
044 |a xo  |c SK 
080 |a 78.071.2:784.66  |2 UDC-MRF-SK2 
080 |a 784.66  |2 UDC-MRF-SK2 
100 1 |a Derňár, Peter,  |d 1975-  |4 ain  |9 224453 
245 1 0 |a Ghymes: Človek nesmie urobiť dobrú hudbu  |b so skladateľom, spevákom a multiinštrumentalistom Tamásom Szarkom, ...  |c [zhováral sa] Peter Derňár 
300 |b Fotogr. 
610 2 7 |a Ghymes (hudobná skupina)  |2 snkbucl  |9 30729 
655 7 |a články z novín a časopisov  |2 snkbucl  |9 267496 
700 1 |a Szarka, Tamás,  |d 1964-  |4 aut  |4 uin  |9 253221 
773 0 |t Národná obroda  |g Roč. 12, č. 19 (24.1.2001), s. 15 
850 |a Slovenská národná knižnica v Martine 
852 |a SNK  |b KIS3GCP 
958 |a RBX 
999 |c 1442621  |d 1444551